000 00325 a2200157 4500
001 173779
020 _a
040 _cMagnum
100 _aGóes, Lúcia Pimentel
240 1 0 _aA maior boca do mundo
_lpor
245 1 0 _aA maior boca do mundo
362 0 _a1899
440 1 _aÁtica
697 _aIJ/GERAL
942 _cBK
999 _c173779
_d173779